| 000 | 00806nam a2200253 a 4500 | ||
|---|---|---|---|
| 001 | 000032723 | ||
| 003 | OSt | ||
| 005 | 20210310104024.0 | ||
| 007 | ta | ||
| 008 | 100222s1931 dr 001 0 spa d | ||
| 040 |
_aDO-SdBNP _bspa _cBNPHU |
||
| 049 | _aBNPD | ||
| 082 | 7 | 4 |
_a624.7293 _bR426L _222 |
| 110 | 1 |
_aRepública Dominicana _9447 |
|
| 240 | 1 | 3 | _a[Leyes etc.] |
| 245 | 1 | 0 | _aLey de construcciones. |
| 250 | _aed. oficial | ||
| 260 |
_aSanto Domingo : _bImprenta de J. R. Vda García, Sucerores, _c1931. |
||
| 300 |
_a22 p. ; _c24 cm. |
||
| 650 | 7 |
_2LEMB _919112 _a Construcción _xLegislación _zRepública Dominicana. |
|
| 700 | 1 |
_aRepública Dominicana. _bSecretaría de Estado de Sanidad, Beneficencia y Obras Públicas _958576 |
|
| 910 | _aValidado. Control de calidad MFF | ||
| 942 |
_2ddc _cLF2 |
||
| 999 |
_c32214 _d32214 |
||